|
|
|
|
| LEADER |
01028nam a2200193 a 4500 |
| 001 |
00023357 |
| 008 |
111220s2011 bg l000 0 ben |
| 040 |
|
|
|a DB-DhAAL
|c DB-DhAAL
|
| 082 |
0 |
0 |
|a 629.47/43095492
|2 22
|
| 245 |
0 |
0 |
|a ডিজিটাল বাংলাদেশের পথে অগ্রযাত্রা
|
| 260 |
|
|
|a ঢাকা :
|b গণপ্রজাতন্ত্রী বাংলাদেশ সরকার,
|c ২০১১.
|
| 300 |
|
|
|a ii, ৬৫ পৃ. ;
|c ২৮ সে.মি.
|
| 541 |
|
|
|e 00023357
|
| 650 |
|
0 |
|a Digital communications
|z Bangladesh.
|
| 650 |
|
0 |
|a Astronautics
|x Communication systems.
|
| 710 |
2 |
|
|a গণপ্রজাতন্ত্রী বাংলাদেশ সরকার
|b অর্থ বিভাগ, অর্থ মন্ত্রণালয়
|
| 852 |
1 |
|
|a Ayesha Abed Library
|c General Shelf.
|
| 999 |
|
|
|c 11632
|d 11632
|
| 952 |
|
|
|0 0
|1 0
|2 ddc
|4 0
|6 629_474309549200000_DIG
|7 0
|9 18925
|a BRACUL
|b BRACUL
|c GEN
|d 2011-12-22
|l 0
|o 629.4743095492 DIG
|p 3010023357
|r 2011-12-22
|t 1
|w 2011-12-22
|y BK
|